| 000 | 00534nam a2200205Ia 4500 | ||
|---|---|---|---|
| 008 | 150909s9999 xx 000 0 und d | ||
| 041 | _aEnglish | ||
| 082 | _bSIN/CE | ||
| 100 | _aSingh S P | ||
| 100 | _eAuthor | ||
| 245 | _aCentre - state relations in agricultural development | ||
| 260 | _aBangalore | ||
| 260 | _bVikas publishing house Pvt Ltd | ||
| 260 | _c1973 | ||
| 300 | _a377 Pages | ||
| 365 | _aU.K.P.4.50 | ||
| 650 | _aAgricultural management | ||
| 650 | _aagricultural production | ||
| 942 | _cBK | ||
| 999 |
_c249475 _d249475 |
||